Modern austria (Record no. 552946)

000 -LEADER
fixed length control field 00336nam a22001337a 4500
082 ## - DEWEY DECIMAL CLASSIFICATION NUMBER
Classification number 943.6
Author Mark GAY
100 ## - MAIN ENTRY--PERSONAL NAME
Personal name Gayda, Virginio
9 (RLIN) 50222
245 ## - TITLE STATEMENT
Title Modern austria
Statement of responsibility, etc. Virginio Gayda
260 ## - PUBLICATION, DISTRIBUTION, ETC.
Place of publication, distribution, etc. London
Name of publisher, distributor, etc. T.Fisher Unwin, Ltd
300 ## - PHYSICAL DESCRIPTION
Extent 350 p.:
526 ## - STUDY PROGRAM INFORMATION NOTE
Program name 0
Interest level 0
Reading level 0
Title point value 943_600000000000000_GAY
650 ## - SUBJECT ADDED ENTRY--TOPICAL TERM
Topical term or geographic name entry element MCE
9 (RLIN) 379
942 ## - ADDED ENTRY ELEMENTS (KOHA)
Source of classification or shelving scheme
Koha item type Book
Holdings
Withdrawn status Lost status Source of classification or shelving scheme Damaged status Not for loan Permanent Location Current Location Shelving location Date acquired Total Checkouts Full call number Barcode Date last seen Price effective from Koha item type
          Military College of Engineering (MCE) Military College of Engineering (MCE)   01/27/2015   943.6 GAY MCE-ECY.12 01/27/2015 01/27/2015 Book
© 2023 Central Library, National University of Sciences and Technology. All Rights Reserved.